000 00648nam a22001937a 4500
003 BUBTL
008 180916b xxu||||| |||| 00| 0 eng d
020 _a984-70114-0058-0
082 _a954.92/ Os53u/ 1992
100 _92025
_aওসমান, শওকত
245 _a১৯৭১ স্মৃতিখণ্ড মুজিবনগর/
_cশওকত ওসমান
250 _a1st ed.
260 _aঢাকা :
_bসময় প্রকাশন,
_cc2009
300 _a183 p. :
650 0 _91755
_aমুক্তিযুদ্ধ
856 _k0
_l0
_yDownload
942 _2ddc
_cBK
999 _c5805
_d5805